00409nam a2200145Ia 4500008004100000020001800041041000800059082001700067100001400084245009600098260001800194300000900212365001600221700002600237230718s9999 xx 000 0 und d a9788131790472 aeng a372.126bTHO aThorpe E. aThe Pearson General Studies (Paper- I) 2014bFor The Civil Services Preliminary Examination c2014bPearson a1503 cRs.b750.00 aThorpe E. & Thorpe S.